Statystyki dla Regiony Grecji

Kliknij tutaj aby rozwiązać quiz!

Ogólne statystyki

  • Ten quiz został rozwiązany 89 razy
  • Średni wynik to 5 z 14

Odpowiedzi na mapie

Odpowiedzi skodowane kolorowo w zielono-czerwonej skali na mapie do tego quizu, zgodnie z poniższymi procentami.
 

Statystyki odpowiedzi

RegionIlość "Gmin"% Poprawnych
Kreta24
93%
Attyka66
61%
Epir18
51%
Macedonia Wschodnia i Tracja / Macedonia Wschodnia / Tracja22
49%
Peloponez26
44%
Macedonia Zachodnia12
34%
Wyspy Jońskie7
30%
Grecja Zachodnia19
28%
Tesalia25
28%
Macedonia Środkowa38
25%
Wyspy Egejskie Północne9
25%
Wyspy Egejskie Południowe34
25%
Autonomiczna Republika Góry Athos / Góra Athos / Święta Góra-
23%
Grecja Środkowa25
21%

Rozkład punktacji

Percentyl według liczby udzielonych odpowiedzi

Procent ludzi z każdym wynikiem

Twoja historia wyników

Nie rozwiązałeś tego quizu